Time when the 9 countries first have nuclear weapons - Statistics

General Stats
  • This quiz has been taken 23 times
  • The average score is 8 of 9
Answer Stats
Hint Answer % Correct
United States 1945
100%
China 1964
95%
India 1974
95%
Pakistan 1998
95%
Russia ( Soviet Union) 1949
90%
United Kingdom 1952
90%
France 1960
90%
North Korea 1980
90%
Israel 1966
86%
No matching quizzes found
Score Distribution
Percent of People with Each Score
Percentile by Number Answered
Your Score History
You have not taken this quiz